Tilastot visalle Lippuväritystehtävä #2

Klikkaa tästä pelataksesi tätä visaa!

Yleistilastot

  • Tätä visaa on pelattu 1 246 kertaa
  • Keskiarvotulos 2 / 6

Vastaukset kartalla

Vastauksille on annettu kartalla punavihreä väri sen mukaan, kuinka moni on saanut sen oikein.
Ladataan ...
 

Vastaustilastot

Vastaus% Oikein
Punainen
51%
Valkoinen
48%
Sininen
47%
Oranssi
45%
Vihreä
32%
Vaaleansininen
21%

Tulosjakauma

Persentiili vastausten määrän mukaan

Jokaisen tuloksen saaneiden osuus

Tuloshistoriasi

Et ole pelannut tätä visaa